Upto Date CMos Data & Compariosn Tables 4000--74162244 (Record no. 14562)

MARC details
000 -LEADER
fixed length control field 00294nam a2200121Ia 4500
008 - FIXED-LENGTH DATA ELEMENTS--GENERAL INFORMATION
fixed length control field 221030s9999 xx 000 0 und d
041 ## - LANGUAGE CODE
Language code of text/sound track or separate title
100 ## - MAIN ENTRY--AUTHOR NAME
Personal name ECA/BPB
245 #0 - TITLE STATEMENT
Title Upto Date CMos Data & Compariosn Tables 4000--74162244
Statement of responsibility, etc by ECA/BPB
260 ## - PUBLICATION, DISTRIBUTION, ETC. (IMPRINT)
Year of publication 0
650 ## - SUBJECT ADDED ENTRY--TOPICAL TERM
Topical Term B
942 ## - ADDED ENTRY ELEMENTS (KOHA)
Koha item type Books
Holdings
Accession Number Price effective from Koha item type Withdrawn / writtenoff status Materials specified (bound volume or other part) Damaged status Not for loan Permanent Location Current Location Shelving location Date acquired Lost/ Missing status department
B 6862 10/30/2022 Books   Print     MIET Library, Jammu MIET Library, Jammu BL-, FL-, CUP-0, SH-0, R-0 12/18/2012   BE